| 000 | 00850cam a22002774a 4500 | ||
|---|---|---|---|
| 001 | 3380 | ||
| 005 | 20250624093530.0 | ||
| 020 | _a9781575421971 | ||
| 040 |
_aDLC _cDLC _dDLC _beng |
||
| 050 | 0 | 0 | _aRA780.V47 |
| 082 | 0 | 0 | _a613 |
| 100 | 1 | _aVerdick, Elizabeth | |
| 245 | 1 | 0 |
_aGerms are not for sharing / _cElizabeth Verdick ; illustrated by Marieka Heinlen |
| 260 |
_aMinneapolis : _bFree Spirit Publishing, _c2006 |
||
| 300 |
_a35 pages : _bcol. ill. ; _c24 cm. |
||
| 490 | _a Best Behavior Series | ||
| 505 | _aJ | ||
| 520 | _aDescribes what germs are and what they can do. | ||
| 521 |
_a490
_bLexile |
||
| 521 |
_aJ
_bRaz-Plus |
||
| 650 | 0 |
_aHygiene _vJuvenile literature |
|
| 650 | 0 |
_aBacteria _vJuvenile literature |
|
| 700 | 1 | _aHeinlen, Marieka | |
| 906 |
_a7 _bcbc _corignew _d1 _eecip _f20 _gy-gencatlg |
||
| 942 |
_2ddc _cBK _n0 |
||
| 999 |
_c3380 _d3380 |
||